000
00307nam a2200109Ia 4500
008
200302s9999 xx 000 0 und d
100
_a
S. A. Ross & Other
245
_a
Design and Selection of small Wastewater Treatment Systems
260
_b
IBT Publishers & Distributors
260
_c
1988
300
_a
285 P.,
999
_c
2052
_d
2052